Sports Quiz

Random Sports or Football Quiz

Age test for Dynamo Kyiv Quiz Stats

 Plays Quiz not verified by Sporcle

Support Sporcle.
Go Orange.
Score 0/10 Timer 01:30
0 Plays Today
Question Answer Wrong Answers
Кто старше: Жерсон Родригеш или Беньямин Вербич? Беньямин Вербич
82.2%
Жерсон Родригеш
17.2%
Кто старше: Владимир Шепелев или Ахмед Алибеков? Владимир Шепелев
75.7%
Ахмед Алибеков
23%
Кто старше: Александр Караваев или Сергей Сидорчук? Сергей Сидорчук
74.6%
Александр Караваев
24.3%
Кто старше: Денис Гармаш или Денис Бойко? Денис Бойко
69.8%
Денис Гармаш
27.4%
Кто старше: Миккель Дуэлунд или Николай Шапаренко? Миккель Дуэлунд
68.9%
Николай Шапаренко
31%
Кто старше: Карлос Де Пена или Виталий Буяльский? Карлос Де Пена
68%
Виталий Буяльский
32%
Кто старше: Сикдлей или Артём Беседин? Сидклей
62.7%
Артём Беседин
37%
Кто старше: Тудор Бэлуце или Виктор Цыганков? Виктор Цыганков
55.7%
Тудор Бэлуце
43.2%
Кто старше: Илья Забарный или Руслан Нещерет? Руслан Нещерет
47.3%
Илья Забарный
50.7%
Кто старше: Денис Попов или Виталий Миколенко? Денис Попов
42.7%
Виталий Миколенко
56.7%

You're not logged in!

Compare scores with friends on all Sporcle quizzes.
OR
Log In
Forgot?

From the Vault

Fill in the Rhyme: Christmas Songs

by HPGirl

Just because it rhymes doesn't mean it's right, though.
Remove Ads.
Support Sporcle.
Get the best of Sporcle when you Go Orange. This ad-free experience offers more features, more stats, and more fun while also helping to support Sporcle. Thank you for becoming a member.

Show Comments

Extras

Created Apr 13, 2021ReportNominate
Tags:Football Quiz

Top Quizzes Today


Score Distribution

Your Account Isn't Verified!

In order to create a playlist on Sporcle, you need to verify the email address you used during registration. Go to your Sporcle Settings to finish the process.

Report this User

Report this user for behavior that violates our Community Guidelines.

Details: